| Поле | Инд. | ПП | Название | Значение |
|---|---|---|---|---|
| Тип записи | a | |||
| Библиографический уровень | a | |||
| 001 | Контрольный номер | 1abeaf1c1ca7457fab057c1b266bee1c | ||
| 005 | Дата корректировки | 20220616082212.3 | ||
| 040 | a | Служба первич. каталог. | НБ ТвГУ | |
| b | Код языка каталог. | rus | ||
| e | Правила каталог. | PSBO | ||
| 041 | 0_ | a | Код языка текста | rus |
| 097 | b | Оператор | Komarova.ES | |
| 100 | 1_ | a | Автор | Северьянова М. В. |
| 245 | 10 | a | Заглавие | Диагностика положительной мотивации подростков к исполнительской деятельности |
| c | Ответственность | науч. рук. Н. Р. Скребнева | ||
| 260 | a | Место издания | Тверь | |
| b | Издательство | Тверской государственный университет | ||
| 504 | a | Библиография | Библиогр.: с. 219 (2 назв.) | |
| 520 | 0_ | a | Аннотация | Статья посвящена диагностике положительной мотивации подростков к исполнительской деятельности. |
| 653 | 0_ | a | Ключевые слова | Труды Тверского государственного университета |
| a | Ключевые слова | Динамические характеристики | ||
| a | Ключевые слова | Психика | ||
| a | Ключевые слова | Мотивация | ||
| a | Ключевые слова | Личность | ||
| 700 | 12 | a | Другие авторы | Скребнева Н. Р. |
| e | Роль лиц | науч. рук. | ||
| 773 | 18 | w | Контрольный № источника | 59f05755-19ad-4e50-bfae-f56976ad8669 |
| t | Название источника | Традиции и новации в профессиональной подготовке будущего педагога | ||
| d | Место и дата издания | Тверь : Тверской государственный университет, 2003 | ||
| g | Прочая информация | Вып. 2. - С. 218-219 | ||
| 901 | t | Тип документа | a | |
| 920 | a | Оператор | Кома | |
| 954 | b | Дата поступления в ОК | 20220616 |